000 00973nam a22002777a 4500
001 1176
005 20230821151750.0
008 230821b cb ||||| |||| 00| 0 eng d
020 _a1893376052 (book)
040 _aDLC
_cDLC
_dDLC
_beng
050 0 0 _aPS1305.A1
082 0 0 _a[Fic]
_213
100 _aTwain, Mark
245 0 4 _aThe adventures of Huckleberry Finn /
_cby Mark Twain ; retold by John Matern.
260 _aNew York :
_bScholastic,
_c1999.
300 _a372 pages :
_bIllustrations ;
_c18 cm
490 0 _aClassic adventures ;
_vBook 3
505 _aZ
520 _aThe adventures of a boy and his friend, an escaped slave, as they travel down the Mississippi River on a raft. Includes abridged text, audio of text, teacher guide, and test questions.
521 _a990
_bLexile
521 _az
_bRaz-Plus
650 0 _aMale friendship
_xFiction
650 0 _aFugitive slaves
_xFiction
700 1 _aTwain, Mark
_d1835-1910.
942 _2ddc
_cBK
_n0
999 _c1176
_d1176